Time series regression: Modelling and forecasting module 2 : 10 - 12 November 2021

Bibliographic Details
Corporate Authors: Time series regression: Modelling and forecasting module 2, INSPEN ( Institut Penilaian Negara )
Format: Book
Language:English
Subjects:

MARC

LEADER 00000cam a2200000 7i4500
001 0000030196
005 20241202.0
008 221129 my a eng
040 |a INS   |b eng   |c INS   |e rda 
090 0 0 |a VO461   |b 2021 
110 1 |a Time series regression: Modelling and forecasting module 2 ,   |d 2021 10 - 12 November   |c INSPEN, Bangi 
245 0 0 |a Time series regression: Modelling and forecasting module 2 :   |b 10 - 12 November 2021   |c Organised by Professional Development Centre, INSPEN 
264 0 |a Bangi :   |b Institut Penilaian Negara   |c 2021 
300 |a 1 volume (various pagings) :   |b illustrations, pictures ;   |c 30 cm. 
336 |a text  |2 rdacontent 
337 |a unmediated  |2 rdamedia 
338 |a volume  |2 rdacarrier 
650 0 |a Time-series analysis. 
710 1 |a INSPEN ( Institut Penilaian Negara ) 
999 |a VO00001087   |b BOOK   |c Course Notes   |e Default branch